000 00526nam a22001937a 4500
003 OSt
005 20171129183940.0
008 160526b xxu||||| |||| 00| 0 eng d
020 _a812390570X
040 _cDLMN.
082 _aQV744 S13p 2013.
100 _aSiddiqui,Ahmad Anees; Ali,Mohammed;
_98987
245 _aPractical Pharmaceutical Chemistry.
260 _aNew Delhi;
_bCBS Publishers,
_c2013;
300 _a160p;
_bill;
_c25cm.
504 _aincludes index.
650 _aPharmaceutical.
_98988
942 _2z
_cO_SHELF
999 _c4171
_d4171